|
|
|
|
| LEADER |
00000cas a2200000 c 4500 |
| 001 |
129334960 |
| 003 |
DE-627 |
| 005 |
20260207114424.0 |
| 007 |
tu |
| 008 |
931114d19481987xxuz| m| 0 |0eng c |
| 016 |
7 |
|
|a 010807462
|2 DE-101
|
| 016 |
7 |
|
|a 138132-5
|2 DE-600
|
| 022 |
|
|
|a 0069-3340
|
| 035 |
|
|
|a (DE-627)129334960
|
| 035 |
|
|
|a (DE-576)014610590
|
| 035 |
|
|
|a (DE-599)ZDB138132-5
|
| 035 |
|
|
|a (OCoLC)263594071
|
| 040 |
|
|
|a DE-627
|b ger
|c DE-627
|e rakwb
|
| 041 |
|
|
|a eng
|
| 044 |
|
|
|c XD-US
|
| 082 |
0 |
4 |
|a 900
|a 910
|a 914.3
|q DE-101
|
| 082 |
0 |
4 |
|a 370
|a 910
|q DE-600
|
| 110 |
2 |
|
|a University of Chicago
|b Department of Geography
|e VerfasserIn
|0 (DE-588)1011186-4
|0 (DE-627)103195831
|0 (DE-576)191194662
|4 aut
|
| 245 |
1 |
0 |
|a Research paper / University of Chicago, Department of Geography
|
| 264 |
3 |
1 |
|a Chicago, Ill.
|b Department
|c 1948-1987
|
| 336 |
|
|
|a Text
|b txt
|2 rdacontent
|
| 337 |
|
|
|a ohne Hilfsmittel zu benutzen
|b n
|2 rdamedia
|
| 338 |
|
|
|a Band
|b nc
|2 rdacarrier
|
| 362 |
0 |
|
|a 1.1948 - 224.1987
|
| 363 |
0 |
0 |
|a 1
|i 1948
|
| 363 |
1 |
0 |
|a 224
|i 1987
|
| 591 |
|
|
|a C
|
| 655 |
|
7 |
|a Monografische Reihe
|0 (DE-588)4179998-7
|0 (DE-627)104628669
|0 (DE-576)209995106
|2 gnd-content
|
| 889 |
|
|
|w (DE-603)00719479X
|
| 935 |
|
|
|i sdedup20220719
|
| 936 |
s |
n |
|a n100
|2 mzub
|
| 936 |
s |
n |
|a r100
|2 mzub
|
| 951 |
|
|
|a ST
|
| ELC |
|
|
|b 1
|
| LOK |
|
|
|0 000 xxxxxcx a22 zn 4500
|
| LOK |
|
|
|0 001 2480923363
|
| LOK |
|
|
|0 003 DE-627
|
| LOK |
|
|
|0 004 129334960
|
| LOK |
|
|
|0 005 20020213000000
|
| LOK |
|
|
|0 008 880428||||||||||||||||ger|||||||
|
| LOK |
|
|
|0 040
|a DE-21
|c DE-627
|d DE-21
|
| LOK |
|
|
|0 852
|a DE-21
|
| LOK |
|
|
|0 852 1
|9 00
|
| LOK |
|
|
|0 866
|x NAK
|
| LOK |
|
|
|0 939
|a 28-04-88
|b l01
|
| LOK |
|
|
|0 000 xxxxxcx a22 zn 4500
|
| LOK |
|
|
|0 001 4182169689
|
| LOK |
|
|
|0 003 DE-627
|
| LOK |
|
|
|0 004 129334960
|
| LOK |
|
|
|0 005 20220823111708
|
| LOK |
|
|
|0 008 220823||||||||||||||||ger|||||||
|
| LOK |
|
|
|0 040
|a DE-21-17
|c DE-627
|d DE-21-17
|
| LOK |
|
|
|0 852
|a DE-21-17
|
| LOK |
|
|
|0 852 1
|m p
|9 00
|
| LOK |
|
|
|0 938
|k p
|
| LOK |
|
|
|0 939
|a 23-08-22
|b l01
|
| LOK |
|
|
|0 000 xxxxxcx a22 zn 4500
|
| LOK |
|
|
|0 001 4521277500
|
| LOK |
|
|
|0 003 DE-627
|
| LOK |
|
|
|0 004 129334960
|
| LOK |
|
|
|0 005 20240507113119
|
| LOK |
|
|
|0 008 240507||||||||||||||||ger|||||||
|
| LOK |
|
|
|0 040
|a DE-Frei85
|c DE-627
|d DE-Frei85
|
| LOK |
|
|
|0 852
|a DE-Frei85
|
| LOK |
|
|
|0 852 1
|m p
|9 00
|
| LOK |
|
|
|0 938
|k p
|
| LOK |
|
|
|0 939
|a 07-05-24
|b l01
|
| ORI |
|
|
|a SA-MARC-krimdokb001.raw
|
| SPR |
|
|
|a 1
|t KRI
|